000 01035aab a2200205 i 4500
001 768714001
003 CO-MdFUSB
005 20230426155259.0
008 221025s2004 sp ||||| |||| 00| 0 spa d
040 _bspa
_cCO-MdFUSB
_dCO-MdFUSB
041 _aspa
100 1 _aClines, David J.A.
_eautor
245 1 3 _aEl Dios de Job
_c/ David J. A. Clines
300 _aNúmero 307, (Septiembre, 2004), Páginas 47- 62
_c; 21 cm
520 _aEl libro de Job es un himno a la condición inescrutable de Dios. A diferencia de algunas religiones en las cuales la deidad es de suyo incognoscible o casi, en el libro de Job no es que no se pueda saber nada sobre Dios; es más bien que de Dios se sabe - o al menos se puede decir- demasiado para que estemos seguros de que cualquier afirmación que hagamos acerca de él es correcta o errónea.
630 0 7 _aBiblia.
630 0 7 _aBiblia.
_pJob
_xCrítica, interpretación, etc.
773 0 _tConcilium
_049450
_960409
_gNúmero 307, (Septiembre, 2004), Páginas 47- 62
_qPáginas 47
942 _cANA
999 _c61037
_d61037